Deti už nebudú zdrojom blahobytu

Obavy z preľudnenia Zeme zbytočné. Znižovanie pôrodnosti najmä vo vyspelých krajinách. Najzaostalejšie krajiny - Kongo a Bangladéš - ťahúňmi pôrodnosti. Veľkosť rodiny určovaná ekonomickými pravidlami. Deti dnes - najvýraznejšia forma spotreby. Starnúci svet. Prognóza vývoja globálnej populácie.

Gespeichert in:
Bibliographische Detailangaben
1. Verfasser: Jurina, Ľubomír
Format: Buchkapitel
Sprache:Slowakisch
Schlagworte:
Tags: Tag hinzufügen
Keine Tags, Fügen Sie das erste Tag hinzu!

MARC

LEADER 00000naa a2200000 4500
001 0167497
005 20231113081635.3
041 0 |a slo 
044 |a SK 
245 1 0 |a Deti už nebudú zdrojom blahobytu  |c Ľubomír Jurina 
520 |a Obavy z preľudnenia Zeme zbytočné. Znižovanie pôrodnosti najmä vo vyspelých krajinách. Najzaostalejšie krajiny - Kongo a Bangladéš - ťahúňmi pôrodnosti. Veľkosť rodiny určovaná ekonomickými pravidlami. Deti dnes - najvýraznejšia forma spotreby. Starnúci svet. Prognóza vývoja globálnej populácie. 
610 2 0 |a populácia 
610 2 0 |a demografia 
610 2 0 |a pôrodnosť 
610 2 0 |a deti 
610 2 0 |a prognózy 
610 2 0 |a svet 
100 1 |a Jurina, Ľubomír